Language and speech disorders in children

Saved in:
Bibliographic Details
Main Author: Eisenson, Jon
Format: Book
Language:English
Published: New York : Pergamon, 1986
Series:Psychology Practitioner Guidebooks
Subjects:
Tags: Add Tag
No Tags, Be the first to tag this record!

MARC

LEADER 00000nam a2200000 i 4500
001 1/74394
008 960725s1986 eng d
020 |a 0-08-033181-5 
035 |a 1987  |c Αγορά  |l 10031795 
040 |a GR-MY-UA  |b gre  |e aacr 
041 0 |a eng 
082 0 |a 618.92855 
100 1 |a Eisenson, Jon. 
245 1 0 |a Language and speech disorders in children /  |c Jon Eisenson 
260 |a New York :   |b Pergamon,   |c 1986 
300 |a 137 p. 
490 1 |a Psychology Practitioner Guidebooks 
650 0 0 |a Language disorders in children. 
650 0 0 |a Speech disorders in children. 
852 |a INST  |b RHODES  |e 19960725  |h 618.92855 EIS  |p 005400001363  |q 005400001363  |t BK  |y 0 
909 |a Ρ  |b 008008  |c 1987